| 000 | 00408nam a2200157 a 4500 | ||
|---|---|---|---|
| 001 | 2933 | ||
| 003 | CDMR | ||
| 005 | 20130116135237.0 | ||
| 008 | 130130s1998||||||||||||||||||||||||||||d | ||
| 040 |
_aCDMR _bcat _cCPC LLEIDA |
||
| 100 | 1 |
_aLlorens, Irma _92154 |
|
| 245 | 1 | 0 |
_aNacionalismo y literatura _cLLORENS, Irma |
| 260 |
_aZaragoza _c1998 _bUniversitat Lleida |
||
| 490 | 0 |
_aSerie América _92014 |
|
| 942 | _cMON | ||
| 999 |
_c2933 _d2933 |
||